| 000 | 01032cam a22003135a 4500 | ||
|---|---|---|---|
| 001 | 016439875 | ||
| 005 | 20201128023806.0 | ||
| 008 | 150924t2007 nyua frbd 001 0 eng d | ||
| 020 | _a9780071106832 (paperback) | ||
| 020 | _a0071106839 (paperback) | ||
| 020 | _a9780071108560 | ||
| 020 | _a0071108564 | ||
| 040 |
_aStDuBDS _beng _cStDuBDS _dEG-ScBUE _dEG-ScBUE |
||
| 082 | 0 | 4 |
_a658.022 _bKAT _222 |
| 100 | 1 |
_aKatz, Jerome A. _91579 |
|
| 245 | 1 | 0 |
_aEntrepreneurial small business / _cJerome A. Katz, Richard P. Green. |
| 250 | _aInternational student ed. | ||
| 260 |
_aNew York : _bMcGraw-Hill Irwin, _cc.2007. |
||
| 300 |
_a1 v. (various pagings) : _bill. (col.) ; _c28 cm. |
||
| 500 | _aPrevious edition : 2011. | ||
| 500 | _aIncludes glossary. | ||
| 504 | _aIncludes bibliographical references and index. | ||
| 650 | 7 |
_aSmall business _xManagement. _2BUEsh _9238 |
|
| 650 | 7 |
_aEntrepreneurship. _2BUEsh _9240 |
|
| 651 | _2BUEsh | ||
| 653 |
_bBUSADM _cFebruary2016 |
||
| 700 | 1 |
_aGreen, Richard P. _91580 |
|
| 942 | _2ddc | ||
| 999 |
_c22177 _d22149 |
||